| 000 | 01381cam a2200397 a 4500 | ||
|---|---|---|---|
| 005 | 20240215083707.0 | ||
| 008 | 100810s2001||||ag a | |||| 00| 0 spa d | ||
| 020 | _a9500203936 | ||
| 041 | _aspa | ||
| 092 |
_c614.1 _l6 _sBAS |
||
| 100 | 1 |
_aBasile, Alejandro A. _9875 |
|
| 245 |
_aFundamentos de medicina legal. _bDeontología y bioética / _cAlejandro A. Basile. |
||
| 250 | _a4a ed. | ||
| 260 |
_aBuenos Aires: _bEl Ateneo; _c2001. |
||
| 300 | _a342 p. | ||
| 500 | _aBasile, A. A. (2001). Fundamentos de medicina legal. Deontología y bioética. (4a ed.). Buenos Aires : El Ateneo. | ||
| 653 | _aIntroducción a la medicina legal | ||
| 653 | _aDerechos de los médicos | ||
| 653 | _aMedicina legal social. Medicina legal del trabajo | ||
| 653 | _aTraumatología forense | ||
| 653 | _aAgonología. Tanatología | ||
| 653 | _aAsfixiología | ||
| 653 | _aSexología forense | ||
| 653 | _aObstetricia forense | ||
| 653 | _aPediatría medicolegal | ||
| 653 | _aCriminalística | ||
| 653 | _aCriminología | ||
| 653 | _aPsiquiatría forense | ||
| 653 | _aDeontología médica | ||
| 653 | _aBioética | ||
| 653 | _aApéndice 1: Código de bioética | ||
| 653 | _aApéndice 2: Comité Hospitalario de Etica. Funciones. Integración ley 24.742 | ||
| 653 | _aApéndice 3: Diagnóstico por imágenes en medicina legal | ||
| 930 | _a1054 | ||
| 942 |
_2ddc _cBK |
||
| 999 |
_c590 _d590 |
||